Prácticas de piedad para el uso de las santas misiones, dispuestas por los PP. de la congregación de S. Vicente de Paul

Detalles Bibliográficos
Formato: Libro
Publicado: Zacatecas 1873
Materias:
Colección:Banco de datos
Acervo:Biblioteca del Ex Convento de Nuestra Señora de Guadalupe. Zacatecas
Tema general:Pastoral
Notas:Buena. XIV,2,21 (4717). Encuadernado con seis obras más
LEADER 00740nam a22001810004500
035 |a 46090 
036 |a 7274 
245 1 0 |a Prácticas de piedad para el uso de las santas misiones, dispuestas por los PP. de la congregación de S. Vicente de Paul 
260 |a Zacatecas  |b imp. Mariano R. de Esparza  |c 1873 
500 |a Buena. XIV,2,21 (4717). Encuadernado con seis obras más 
650 1 0 |a Pastoral 
949 |a CRZ-CG 
959 |a Ex convento de Nuestra Señora de Guadalupe, Museo Regional de Zacatecas, Zacatecas  |b CCC4 
960 |a Convento de Nuestra Señora de Guadalupe, Zacatecas  |b DD87 
961 |a Franciscana  |b OF 
942 |c CRZ-CG 
943 |g Biblioteca del Ex Convento de Nuestra Señora de Guadalupe. Zacatecas 
999 |c 970217  |d 970217